000 00622nam a2200229Ia 4500
003 OSt
005 20220928114618.0
006 a|||||r|||| 00| 0
007 ta
008 220927b |||||||| |||| 00| 0 eng d
024 _a58240
037 _cTextual
040 _aSDCL
_cSDCL
_beng
041 _2eng
_aeng
082 _aV58,4'N1, L7
100 _aPearson Raymond
_9440056
245 0 _aRussian moderates and the crisis of Tsarism 1914-1917.
260 _aLondon
_bMacmillan
_c1977
300 _ax,208p.
_ccm.
942 _hV58,4'N1, L7
_cTEXL
_2CC
999 _c755696
_d755696